Fandango y fantasía de la cuestión centroamericana
sin resumen
Uloženo v:
| Hlavní autor: | |
|---|---|
| Médium: | Neznámo |
| Jazyk: | Spanish |
| Témata: | |
| Tagy: |
Přidat tag
Žádné tagy, Buďte první, kdo vytvoří štítek k tomuto záznamu!
|
MARC
| LEADER | 00000 a2200000 04500 | ||
|---|---|---|---|
| 001 | 1770 | ||
| 003 | cru IIS | ||
| 005 | 20211123133649.0 | ||
| 008 | 211123b |||||||| |||| 00| 0 spa d | ||
| 040 | |c cru IIS | ||
| 100 | |a Baloyra Herp, Enrique | ||
| 245 | 1 | |a Fandango y fantasía de la cuestión centroamericana | |
| 300 | |a páginas 77-93 | ||
| 500 | |a Colección Centroamérica | ||
| 520 | |a sin resumen | ||
| 650 | |a DEMOCRACIA | ||
| 650 | |a CONFLICTOS SOCIALES | ||
| 650 | |a INDICADORES ECONOMICOS | ||
| 650 | |a PODER POLITICO | ||
| 773 | 0 | |0 43977 |9 6364 |d Madrid: Centro de Investigaciones Sociológicas. Instituto de Cooperación Iberoamericana, [1982] |o MFN: 1770 |t Iberoamérica en los años 80: | |
| 942 | |2 ddc |c LI | ||
| 999 | |c 354 |d 354 | ||
